Assam yearbook 2017 (Record no. 9125)
[ view plain ]
| 000 -LEADER | |
|---|---|
| fixed length control field | 00575cam a2200229ua 4500 |
| 001 - CONTROL NUMBER | |
| control field | 10136 |
| 005 - DATE AND TIME OF LATEST TRANSACTION | |
| control field | 20260515114554.0 |
| 008 - FIXED-LENGTH DATA ELEMENTS--GENERAL INFORMATION | |
| fixed length control field | 170404n ii |||gr||||Z||||||eng |
| 020 ## - INTERNATIONAL STANDARD BOOK NUMBER | |
| International Standard Book Number | 9789381485156 |
| 040 ## - CATALOGING SOURCE | |
| Transcribing agency | MAIN |
| 041 ## - LANGUAGE CODE | |
| Language code of text/sound track or separate title | eng |
| 082 ## - DEWEY DECIMAL CLASSIFICATION NUMBER | |
| Classification number | 050 |
| 100 ## - MAIN ENTRY--PERSONAL NAME | |
| Personal name | Baruah, Santanu Kaushik, |
| Relator term | Editor. |
| 245 ## - TITLE STATEMENT | |
| Title | Assam yearbook 2017 |
| Statement of responsibility, etc. | Ed. by Santanu Kaushik Baruah |
| 250 ## - EDITION STATEMENT | |
| Edition statement | 10th ed. |
| 260 ## - PUBLICATION, DISTRIBUTION, ETC. | |
| Place of publication, distribution, etc. | Guwahati: |
| Name of publisher, distributor, etc. | Jyoti prakashan, |
| Date of publication, distribution, etc. | 2017. |
| 300 ## - PHYSICAL DESCRIPTION | |
| Extent | 656p. |
| 653 ## - INDEX TERM--UNCONTROLLED | |
| Uncontrolled term | General serial publications |
| 653 ## - INDEX TERM--UNCONTROLLED | |
| Uncontrolled term | General knowledge |
| 653 ## - INDEX TERM--UNCONTROLLED | |
| Uncontrolled term | MAIN |
| 942 ## - ADDED ENTRY ELEMENTS (KOHA) | |
| Koha item type | Books |
| Withdrawn status | Lost status | Damaged status | Not for loan | Home library | Current library | Shelving location | Date acquired | Total checkouts | Full call number | Barcode | Date last seen | Copy number | Price effective from | Koha item type |
|---|---|---|---|---|---|---|---|---|---|---|---|---|---|---|
| Naharkatiya College Library | Naharkatiya College Library | General stacks | 09/19/2020 | 050 | ASS | 23755 | 09/19/2020 | 1 | 09/19/2020 | Books |